Developing library collection (Record no. 40687)

MARC details
000 -LEADER
fixed length control field 00277nam a2200109Ia 4500
082 ## - DEWEY DECIMAL CLASSIFICATION NUMBER
Classification number 025.2
Item number PRA
100 ## - MAIN ENTRY--AUTHOR NAME
Personal name Praher, R G
245 #0 - TITLE STATEMENT
Title Developing library collection
260 ## - PUBLICATION, DISTRIBUTION, ETC. (IMPRINT)
Place of publication New Delhi
Name of publisher Medallion press
Year of publication 1993
942 ## - ADDED ENTRY ELEMENTS (KOHA)
Koha item type Books
Holdings
Withdrawn status Lost status Damaged status Not for loan Home library Current library Date acquired Cost, normal purchase price Full call number Accession Number Koha item type
        RRII Library RRII Library 16/12/2021 250.00 025.2 PRA 20985 Books